Quan hệ Việt Nam - Mỹ sau khi chế độ Sài Gòn sụp đổ

Gespeichert in:
Bibliographische Detailangaben
1. Verfasser: Ngô, Vĩnh Long
Format: Buch
Sprache:Undetermined
Schlagworte:
Online Zugang:http://lrc.tdmu.edu.vn/opac/search/detail.asp?aID=2&ID=35821
Tags: Tag hinzufügen
Keine Tags, Fügen Sie den ersten Tag hinzu!
Thư viện lưu trữ: Trung tâm Học liệu Trường Đại học Thủ Dầu Một
LEADER 00592nam a2200145Ia 4500
001 TDMU_35821
008 210410s9999 xx 000 0 und d
082 |a 959.7029 
100 |a Ngô, Vĩnh Long 
245 0 |a Quan hệ Việt Nam - Mỹ sau khi chế độ Sài Gòn sụp đổ 
245 0 |c Ngô Vĩnh Long 
300 |a Tr.237-259 
650 |a Lịch sử; Chiến tranh Việt Nam; Quan hệ ngoai giao; Việt Nam-Mỹ 
856 |u http://lrc.tdmu.edu.vn/opac/search/detail.asp?aID=2&ID=35821 
980 |a Trung tâm Học liệu Trường Đại học Thủ Dầu Một